000 00711nam a22002297i 4500
999 _c22795
_d22795
003 AR-CdUCM
008 240314b20032003pe ||||| |||| 00| 0 spa d
020 _a978-958-04-6971-1
040 _aMUNICIPALIDAD PROVINCIAL DEL CUSCO
_cBIBLIOTECA MUNICIPAL DEL CUSCO
041 _h spa
082 _22ª Edición
_a869.15 / F89
_bF89
100 _aFuentes, Carlos
_91310
245 _aAura /
260 _aSantafé de Bogotá
_bEditorial Norma S. A.,
_c2003
300 _a114 páginas. :
_c21cm.
505 _aAura -- El encuentro -- Naturaleza de mujer
650 _aAura
_949481
650 _aEl encuentro
_949482
650 _aNaturaleza de mujer
_949483
942 _2ddc
_cLIBROS
945 _apbj
_d14-03-2024